Liedtext - Zukunft Pink - Peter Fox feat. Inéz - Statistiken

Allgemein
  • Dieses Quiz wurde 713 mal gespielt
  • Das Durchschnittsergebnis liegt bei 288 aus 439
Antwortstatistiken
Textquiz % Korrekt
pink
97%
Pink
97%
Zukunft
97%
a
96%
ich
96%
Ich
96%
die
95%
Die
95%
seh'
91%
Seh'
91%
me
90%
Alle
89%
alle
89%
mein
88%
wir
88%
alles
85%
Alles
85%
Kind
85%
du
84%
gut
84%
dein
82%
und
82%
Und
82%
schwarz
81%
in
80%
wird
78%
Wenn
76%
wenn
76%
mal'
75%
Hab'
74%
mich
74%
da
72%
fick
71%
Elon
70%
fragst
70%
mal'n
70%
Musk
70%
Marsprojekt
67%
weg
65%
Weg
65%
Brandenburg
62%
entdeckt
60%
is
60%
was
60%
Weil
58%
den
57%
sie
57%
ist
56%
Mach
56%
arschweit
55%
Ja
55%
ja
55%
auf
53%
Meine
53%
Das
52%
Eis
51%
I'm
51%
Gin
50%
Grapefruit
50%
Ding
49%
im
49%
nicht
49%
sind
49%
aber
48%
will
48%
Do
47%
Scheißkalt
46%
Sinn
46%
Denn
44%
Future
44%
meinen
44%
such
44%
Avatar
43%
kein'n
43%
Party
43%
weiß
43%
gekillt
42%
Oh
42%
Der
41%
musst
41%
selber
40%
Drink
37%
erfinden
37%
für
37%
Moves
36%
Oder
36%
dazu
35%
Dazu
35%
Yeah
35%
BAUHAUS
34%
können
34%
Liebe
34%
motherfucker
34%
now
34%
rich
34%
selbst
34%
Wasser
34%
Almans
33%
doch
33%
ein'n
33%
mit
33%
programmieren
33%
it
32%
tut
32%
vor
32%
Frische
31%
Sonne
31%
grün
30%
Musik
30%
scheint
30%
Welt
30%
yourself
30%
AI
29%
basta
29%
Blocks
29%
frisches
29%
Gras
29%
mag
29%
Rolle
29%
schmeckt
29%
Wauwaus
29%
bissige
28%
Boots
28%
Frau'n
28%
Keiner
28%
Sau
28%
raus
27%
to
27%
Nachbarn
26%
supergeil
26%
cool
25%
the
25%
braucht
24%
Downtown
24%
lassen
24%
noch
24%
Future-Flex
23%
people
23%
power
23%
rul'n
23%
blau
22%
Smileys
22%
billige
21%
gay
21%
Himmel
21%
Buden
19%
Ey
19%
ey
19%
Gibt
19%
immer
19%
Süßen
19%
Mirror
18%
straight
17%
Viehbauern
15%
Tax
13%
Bianchi-Bikes
11%
Binge
11%
Transit-Pod
11%
Keine übereinstimmenden Quizze gefunden
Verteilung der Resultate
Anzahl Personen mit jedem Resultat
Perzentil nach korrekt beantworteten Fragen
Ihre Resultats-Entwicklung
Sie haben dieses Quiz noch nicht gespielt